header

Excel 2013 for dummies (Record no. 59307)

MARC details
000 -LEADER
fixed length control field 01336nam a2200361 a 4500
100 1# - MAIN ENTRY--AUTHOR NAME
Personal name Harvey, Greg.
245 10 - TITLE STATEMENT
Title Excel 2013 for dummies
250 ## - EDITION STATEMENT
Edition statement Pocket ed.
260 ## - PUBLICATION, DISTRIBUTION, ETC. (IMPRINT)
Place of publication Indianapolis, Ind. :
Name of publisher John Wiley & Sons,
Year of publication 2013.
300 ## - PHYSICAL DESCRIPTION
Number of Pages vi, 169 p. :
Other physical details ill.
490 1# - SERIES STATEMENT
Series statement --For dummies
650 #0 - SUBJECT ADDED ENTRY--TOPICAL TERM
Topical Term Electronic spreadsheets.
Topical Term Business
856 40 - ELECTRONIC LOCATION AND ACCESS
Uniform Resource Identifier http://site.ebrary.com/lib/rucke/Doc?id=10677750

No items available.

© 2026 Rongo University
Contact us: librarian | system librarian | Rongo university